La arquitectura neoclásica en Méjico / (Record no. 190198)
[ view plain ]
| 000 -LEADER | |
|---|---|
| campo de control de longitud fija | 00792nam a2200181 i 4500 |
| 001 - NÚMERO DE CONTROL | |
| campo de control | 190198 |
| 003 - IDENTIFICADOR DE NÚMERO DE CONTROL | |
| campo de control | ES-MaACL |
| 005 - FECHA Y HORA DE LA ÚLTIMA TRANSACCIÓN | |
| campo de control | 20230906223650.0 |
| 008 - DATOS DE LONGITUD FIJA--INFORMACIÓN GENERAL | |
| campo de control de longitud fija | 200914s1958 sp |||| | spa d |
| 100 0# - ENTRADA PRINCIPAL--NOMBRE DE PERSONA | |
| Nombre de persona | Angulo Iñiguez, Diego. |
| 9 (RLIN) | 21788 |
| 245 13 - MENCIÓN DEL TÍTULO | |
| Título | La arquitectura neoclásica en Méjico / |
| Mención de responsabilidad, etc. | discurso leído por el Excmo. Sr. D. Diego Angulo Íñiguez el día 30 de noviembre de 1958 en su recepción pública, y discurso de contestación del Excmo. Sr. D. Modesto López Otero. |
| 260 ## - PUBLICACIÓN, DISTRIBUCIÓN, ETC. | |
| Lugar de publicación, distribución, etc. | Madrid : |
| Nombre del editor, distribuidor, etc. | Real Academia de Bellas Artes de San Fernando, |
| Fecha de publicación, distribución, etc. | 1958. |
| 300 ## - DESCRIPCIÓN FÍSICA | |
| Extensión | 38 p. ; |
| Dimensiones | 24 cm. |
| 650 #4 - PUNTO DE ACCESO ADICIONAL DE MATERIA--TÉRMINO DE MATERIA | |
| Término de materia o nombre geográfico como elemento de entrada | Arquitectura neoclásica- |
| Subdivisión geográfica | México. |
| 9 (RLIN) | 170312 |
| 700 0# - ENTRADA AGREGADA--NOMBRE PERSONAL | |
| Nombre de persona | López Otero, M. |
| 9 (RLIN) | 73853 |
| 710 2# - ENTRADA AGREGADA--NOMBRE DE ENTIDAD CORPORATIVA | |
| Nombre de entidad corporativa o nombre de jurisdicción como elemento de entrada | Real Academia de Bellas Artes de San Fernando. |
| 9 (RLIN) | 6291 |
| 852 ## - LOCALIZACIÓN | |
| Ubicación | ES-MaACL |
| Número de control de estantería | F-M-III-N |
| Estatus retirado | Estado de pérdida | Estado de daño | No para préstamo | Biblioteca de origen | Biblioteca actual | Ubicación en estantería | Fecha de adquisición | Fuente de adquisición | Total de préstamos | Signatura topográfica completa | Código de barras | Visto por última vez | Precio de reemplazo | Tipo de ítem Koha |
|---|---|---|---|---|---|---|---|---|---|---|---|---|---|---|
| Biblioteca del Ateneo de Madrid | Biblioteca del Ateneo de Madrid | Administración | 19/05/2005 | F-M-III-N | 1201971 | 23/02/2023 | 23/02/2023 | Libro impreso |
